000 00402nam a22001577a 4500
999 _c10544
_d10544
003 OSt
008 210303b ||||| |||| 00| 0 eng d
020 _a9788190078849
100 _aMUKHERJEE,Pulok K
245 _aQuality Control of Herbal Drugs
250 _a1st Ed. and 6th Reprint
260 _aNew Delhi
_bBusiness Horizons
_c2018
300 _a2018
650 _aPharmacognosy
942 _2ddc
_cBK